000 00710nam a2200253Ia 4500
001 37377
005 20240114001931.0
007 ta
008 070608s1937 a g b000 u 465 u
040 _aCotton College,Assam
041 _a465
082 _a942
_bT 728 B
100 _aTrevelyan, George Macaulay .
245 0 _aBritish History in the Nineteenth Century and After 1782- 1919 /
_cGeorge Macaulay Trevelyan.
_hTextual Documents
250 _a2nd ed. /
260 _aLondon :
_bLongman ,
_c1937.
300 _a511p. :
_bill ;
_c22cm .
653 _aBritish History
653 _aHistory-England
653 _aG-History
942 _2ddc
_cBK
999 _c37357
_d37357